00829 2200301 4500001002100000005001700021008004100038020002200079035002400101040001200125082000800137090001500145100001800160245010800178250001100286260003100297300002400328504001700352650002000369850001200389990001800401990001800419990001800437990001800455990001800473990001800491990001800509YOGYA-0311000000019120110309142828.0 ind  a978-979-010-174-6 0010-031100000000191 aYOPDYOG a190 a190bSya P aSYAM, Firdaus aPemikiran politik baratbsejarah, filsafat, ideologi, dan pengaruhnya terhadap dunia ke-3cFirdaus syam aCet. 2 aJakartabBumi Aksarac2010 axiv, 397 hlmc22 cm ahlm. 377-388 aFilsafat modern aYOPDYOG a49677-PD/B.10 a49679-PD/B.10 a49677-PD/B.10 a49678-PD/B.10 a49679-PD/B.10 a49677-PD/B.10 a49678-PD/B.10